LEADER 02949nam 22004813 450 001 9910162849003321 005 20230725063634.0 010 $a1-907230-21-1 035 $a(CKB)3710000001044445 035 $a(MiAaPQ)EBC4547476 035 $a(Au-PeEL)EBL4547476 035 $a(CaPaEBR)ebr11350480 035 $a(OCoLC)974328882 035 $a(BIP)031809690 035 $a(MiAaPQ)EBC32247552 035 $a(Au-PeEL)EBL32247552 035 $a(OCoLC)1545103515 035 $a(EXLCZ)993710000001044445 100 $a20210901d2011 uy 0 101 0 $aeng 135 $aurcnu|||||||| 181 $ctxt$2rdacontent 182 $cc$2rdamedia 183 $acr$2rdacarrier 200 10$aEllipsis 205 $a1st ed. 210 1$aSan Francisco :$cSparkling Books Limited,$d2011. 210 4$dİ2011. 215 $a1 online resource (178 pages) 311 08$a1-907230-18-1 327 $aIntro -- ellipsis -- 1 Red Snake -- 2 The Phone Call -- 3 The Note -- 4 Lips Stick -- 5 The Dead, Silence -- 6 Red Pen -- 7 Aunty Val -- 8 The Reading -- 9 Postbox -- 10 Storage Lock Up Number 11 -- 11 Red Slippers -- 12 Objects -- 13 Blood -- 14 The Notebook -- 15 The Woman -- 16 Red Mug -- 17 The Red Stain -- 18 Red Door -- 19 Red Scarf -- 20 The Mother -- 21 Curls -- 22 Swelling Blood -- 23 Mrs Tray -- 24 The Stranger -- 25 Red Scars Beneath -- 26 The Visitor -- 27 Red Trail -- 28 Red m & -- m's -- 29 Disclosure -- 30 The Red Lock -- 31 The Intervention -- 32 Red Gifts -- 33 The Awakening -- 34 The Nose Bleed -- 35 The Copper Smell -- 36 The Bedsit -- 37 Red Recollections -- 38 The Hospital Visit -- 39 Red Bruises -- 40 Alice -- 41 The Red Secret -- 42 The Red Slippers Revisited -- 43 The Secret -- 44 The Donor -- 45 The Red Threads -- 46 Reverberations -- 47 The Bloodied Scarf -- 48 The Beginning -- 49 The Video -- 50 Blood and Truth -- 51 Red Fingerprints -- Sparkling Books. 330 8 $a"It's a tale that will keep them wondering, gasping, thinking, smiling, grimacing, rereading. What more can a reader ask for?"Spinetingler Magazine"I wouldn't have stopped reading if my house was on fire!" Cas Peace"Right on time," Daniel Mansen mouths to Alice as she pushes him to his death. Haunted by these words, Alice becomes obsessed with discovering how a man she didn't know could predict her actions. On the day of the funeral, Daniel's cousin, Thom, finds a piece of paper in Daniel's room detailing the exact time and place of his death.Ellipsis is a disturbing thriller stemming from what is left unsaid, what bounces around in the mind and evaporates when trying to remember. Can there be a conclusion when no-one seems to know the truth? 606 $aMurder 615 0$aMurder. 676 $a823.92 700 $aDudley$b Nikki$01371553 801 0$bMiAaPQ 801 1$bMiAaPQ 801 2$bMiAaPQ 906 $aBOOK 912 $a9910162849003321 996 $aEllipsis$93400818 997 $aUNINA